| 000 | 00587cam6a220021700 4500 | ||
|---|---|---|---|
| 001 | zam00002986 | ||
| 008 | 951128s1977 xx eng u | ||
| 035 | _a(Sirsi) r20322 | ||
| 035 | _a(MACHINE)SLC. | ||
| 100 |
_aSchatz, S. P. _6A81638.1 |
||
| 245 | 1 | 0 | _aNigerian capitalism. |
| 260 | _c1977. | ||
| 949 |
_aHB501 _wlcc _mMAIN _p2500 _tSHORTLOAN _lSHORTLOAN |
||
| 004 | 20322 | ||
| 591 | _aClass code: DS 310. | ||
| 591 | _aCourse: Ideologies and development. | ||
| 591 | _aSchool: S05. | ||
| 591 | _aLecturer: Mr. LUNGU, M. | ||
| 591 | _aNumber of Students: 30. | ||
| 909 | _aBook | ||
| 999 |
_c8460 _d8460 |
||